000 01518cam a22003134a 4500
001 16498507
003 ARRUPE
005 20131011135627.0
008 101012s2011 vau b 001 0 eng
010 _a 2010042426
020 _a9780813930954 (cloth : alk. paper)
020 _a9780813930961 (pbk. : alk. paper)
020 _a9780813931159 (ebk.)
040 _aDLC
_cDLC
_dDLC
043 _af------
050 0 0 _aPQ9340
_b.C39 2011
100 1 _aCazenave, Odile M.
_q(Odile Marie),
_d1961-
_92481
245 1 0 _aContemporary Francophone African writers and the burden of commitment /
_cOdile Cazenave and Patricia Célérier.
260 _aCharlottesville :
_bUniversity of Virginia Press,
_c2011.
300 _ax, 246 p. ;
_c24 cm.
504 _aIncludes bibliographical references (p. [205]-237) and index.
505 0 _aIntroduction: the burden of commitment -- Enduring commitments -- The practice of memory -- Lifting the burden? Francophone African writers engaging in new aesthetics -- The fashioning of an engaging literature: the publishing industry, the internet, and criticism -- Conclusion. the possibilities of artistic commitment.
650 0 _aAfrican literature (French)
_xHistory and criticism.
_92482
650 0 _aPolitics and literature
_zAfrica, French-speaking
_xHistory
_y20th century.
_92483
700 1 _aCélérier, Patricia,
_d1956-
_92484
906 _a7
_bcbc
_corignew
_d1
_eecip
_f20
_gy-gencatlg
942 _2lcc
_cMONOGRAPH
999 _c118337
_d118337